Hospic - domov pre terminálne chorých

Saved in:
Bibliographic Details
Main Author: Valentová, Pavlína (Author)
Other Authors: Varga, Tibor (Thesis advisor)
Format: Manuscript Book
Language:Slovak
Published: 2025
Subjects:
Online Access:http://is.stuba.sk/zp/portal_zp.pl?podrobnosti=185552
Tags: Add Tag
No Tags, Be the first to tag this record!

MARC

LEADER 00000ntm a22000003a 4500
001 stuzp105202
003 SK-STU
005 20250607211300.2
007 ta
008 150427s2015----xo-----f-mn---000-0-slo-d
040 |a STU  |b slo 
041 0 |a slo 
100 1 |a Valentová, Pavlína  |u 052120  |4 aut  |U FAD Fakulta architektúry a dizajnu  |T FAD Ústav ekologickej a experimentálnej architektúry  |X 103803  |U A2120  |Y 393  |7 103803 
242 0 1 |a Hospice - Home for the Terminally Ill  |y eng 
245 1 0 |a Hospic - domov pre terminálne chorých 
260 |c 2025 
650 4 |a palliative care  |2 eng 
650 4 |a Liptov  |2 eng 
650 4 |a inpatient hospice  |2 eng 
650 4 |a paliatívna starostlivosť  |2 slo 
650 4 |a Liptov  |2 slo 
650 4 |a lôžkový hospic  |2 slo 
700 1 |a Varga, Tibor  |u 052120  |k Z1  |4 ths  |U FAD Fakulta architektúry a dizajnu  |T FAD Ústav ekologickej a experimentálnej architektúry  |X 337  |U A2120  |Y 393  |7 A000000337 
856 4 |u http://is.stuba.sk/zp/portal_zp.pl?podrobnosti=185552